ARRUPE JESUIT UNIVERSITY

CORONAVIRUS -STOP THE SPREAD - CLEAN,DISINFECT,COVER

Letters of Horace Walpole, (Record no. 119073)

MARC details
000 -LEADER
fixed length control field 00832mam a2200277 4500
001 - CONTROL NUMBER
control field 2005873
003 - CONTROL NUMBER IDENTIFIER
control field ARRUPE
005 - DATE AND TIME OF LATEST TRANSACTION
control field 20131204135512.0
008 - FIXED-LENGTH DATA ELEMENTS--GENERAL INFORMATION
fixed length control field 731212s1951 enk 000 0 eng u
010 ## - LIBRARY OF CONGRESS CONTROL NUMBER
LC control number 52001184
015 ## - NATIONAL BIBLIOGRAPHY NUMBER
National bibliography number GB51-7506
035 ## - SYSTEM CONTROL NUMBER
System control number (OCoLC)30389191
035 ## - SYSTEM CONTROL NUMBER
System control number (OCoLC)ocm30389191
035 ## - SYSTEM CONTROL NUMBER
System control number (NNC)2005873
040 ## - CATALOGING SOURCE
Transcribing agency DAY
Modifying agency OCL
-- SER
-- UKM
050 0# - LIBRARY OF CONGRESS CALL NUMBER
Classification number DA506.W2
Item number A4 1951
082 00 - DEWEY DECIMAL CLASSIFICATION NUMBER
Classification number 928.2
300 ## - PHYSICAL DESCRIPTION
Other physical details ports.
Dimensions 23 cm.
100 1# - MAIN ENTRY--PERSONAL NAME
Personal name Walpole, Horace,
Dates associated with a name 1717-1797.
9 (RLIN) 5121
245 00 - TITLE STATEMENT
Title Letters of Horace Walpole,
Statement of responsibility, etc selected by W.S. Lewis, with an introd. by R.W. Ketton-Cremer.
260 ## - PUBLICATION, DISTRIBUTION, ETC. (IMPRINT)
Place of publication, distribution, etc London,
Name of publisher, distributor, etc Folio Society,
Date of publication, distribution, etc 1951.
300 ## - PHYSICAL DESCRIPTION
Extent 283 p.
600 10 - SUBJECT ADDED ENTRY--PERSONAL NAME
Personal name Walpole, Horace,
Dates associated with a name 1717-1797.
9 (RLIN) 5122
710 2# - ADDED ENTRY--CORPORATE NAME
Corporate name or jurisdiction name as entry element Folio Society (London, England)
Relator code prt.
Institution to which field applies NNC
9 (RLIN) 5123
942 ## - ADDED ENTRY ELEMENTS (KOHA)
Source of classification or shelving scheme Library of Congress Classification
Koha item type Monograph ( Printed materials)
Holdings
Withdrawn status Lost status Source of classification or shelving scheme Damaged status Not for loan Home library Current library Shelving location Date acquired Total Checkouts Full call number Barcode Date last seen Price effective from Koha item type
    Library of Congress Classification     ARRUPE LIBRARY ARRUPE LIBRARY Main Collection 04/12/2013   DA506.W2 A4 1951 464123434 27/10/2017 04/12/2013 Monograph ( Printed materials)

 

Arrupe Library. PO Box MP320 Mt Pleasant, Harare, Zimbabwe
263 242 745411|librarian@aju.ac.zw